000
00309nam a22001337a 4500
008
170222b xxu||||| |||| 00| 0 eng d
020
_a
9781591951032
041
_a
eng
080
_2
10ES
_a
616.31
100
_a
5
101
_a
SHS
245
_a
DRUG INFORMATION HANBOOK DENTISTRY
_c
WYNN.R.L
942
_2
udc
_c
BK
999
_c
6009
_d
6009